Normal view
MARC view
- H.T.Creswell
Entry Personal Name
001 - CONTROL NUMBER
- control field: 106142
003 - CONTROL NUMBER IDENTIFIER
- control field: NUST
005 - DATE AND TIME OF LATEST TRANSACTION
- control field: 20221227191624.0
008 - FIXED-LENGTH DATA ELEMENTS
- fixed length control field: 221227|| aca||aabn | a|a d
040 ## - CATALOGING SOURCE
- Original cataloging agency: NUST
- Transcribing agency: NUST
100 ## - HEADING--PERSONAL NAME
- Personal name: H.T.Creswell
670 ## - SOURCE DATA FOUND
- Source citation: Work cat.: (NUST)185623: Creswell H.T 106141, A Dictionary of Military terms /, 1942
